00413nam a22001457a 450000500170000000800410001702000150005804100120007308200130008510000120009824500640011026000430017430000250021765000250024220240918125518.0240918b |||||||| |||| 00| 0 eng d a0409016292 aEnglish a349 BUT  lEnglish aButterworths Forms and Precedents: Intellectual Property 1  aDurban: bLexisNexis (Pty) Ltd, c1996 b611 pages; c26 cm.  aLegal practice bLaw